[Event "Mittelfranken-chTB2b 1011"]
[Site "Germany"]
[Date "2011.02.13"]
[Round "6.2"]
[White "Poelsterl, Hans"]
[Black "Kirchner, Norbert"]
[Result "0-1"]
[WhiteElo "1900"]
[BlackElo "1954"]
[PlyCount "92"]
[EventDate "2010.09.26"]
[EventType "team-tourn"]
[EventRounds "9"]
[EventCountry "GER"]
[SourceTitle "EXT 2012"]
[Source "ChessBase"]
[SourceDate "2011.11.24"]
[SourceVersion "1"]
[SourceVersionDate "2011.11.24"]
[SourceQuality "1"]
[WhiteTeam "Erlangen Siemens"]
[BlackTeam "Heideck/Hilpoltstein"]
[WhiteTeamCountry "GER"]
[BlackTeamCountry "GER"]

1. c4 e5 2. Nc3 Nf6 3. g3 Bb4 4. Bg2 0-0 5. Nf3 Re8 6. 0-0 e4 7. Ng5 Bxc3 8. bxc3 h6 9. Nh3 d5 10. cxd5 Qxd5 11. d4 exd3 12. exd3 Qc5 13. Qb3 c6 14. Ba3 Qb6 15. Nf4 Bf5 16. h4 Nbd7 17. Bd6 g5 18. hxg5 hxg5 19. Nh3 Qxb3 20. axb3 Bxd3 21. Rfe1 g4 22. Nf4 Be4 23. Rac1 Bxg2 24. Nxg2 Ne4 25. Ba3 Ne5 26. Red1 Nf3+ 27. Kf1 Ned2+ 28. Rxd2 Nxd2+ 29. Kg1 Nxb3 30. Rb1 Nd2 31. Rxb7 Rab8 32. Rxb8 Rxb8 33. Ne3 Rb3 34. Bb4 Ne4 35. Nxg4 Nxc3 36. Bc5 a5 37. Ne5 Rb5 38. Nd3 Ne4 39. Be3 a4 40. Kg2 c5 41. Kf3 c4 42. Nc1 Nc3 43. Bd4 Rb1 44. Bxc3 Rxc1 45. Bb2 Rb1 46. Bf6 c3 0-1

[Event "Mittelfranken-chTB2a 0809"]
[Site "Mittelfranken"]
[Date "2009.03.08"]
[Round "7.3"]
[White "Poelsterl, Hans"]
[Black "Auth, Bernhard"]
[Result "0-1"]
[WhiteElo "1916"]
[BlackElo "1755"]
[PlyCount "144"]
[EventDate "2008.10.12"]
[EventType "team"]
[EventRounds "9"]
[EventCountry "GER"]
[SourceTitle "EXT 2011"]
[Source "ChessBase"]
[SourceDate "2010.11.26"]
[SourceVersion "1"]
[SourceVersionDate "2010.11.26"]
[SourceQuality "1"]
[WhiteTeam "Erlangen Siemens"]
[BlackTeam "Bad Windsheim"]
[WhiteTeamCountry "GER"]
[BlackTeamCountry "GER"]

1. c4 Nf6 2. Nc3 c6 3. e4 d5 4. e5 d4 5. exf6 dxc3 6. bxc3 gxf6 7. d4 Bg7 8. Bd3 Qa5 9. Ne2 Nd7 10. 0-0 Nf8 11. Qc2 e5 12. Re1 Ng6 13. f4 0-0 14. f5 Ne7 15. Rf1 Bd7 16. Rf3 exd4 17. Nxd4 c5 18. Nb3 Qc7 19. Bf4 Qc8 20. Bd6 Re8 21. Bxc5 Nc6 22. Raf1 Ne5 23. Rg3 Nxd3 24. Qxd3 Qc6 25. Be3 Kh8 26. Nd4 Qe4 27. Qd1 Rad8 28. Qh5 Rg8 29. Rh3 Bh6 30. Qf3 Bxe3+ 31. Kh1 Qxf3 32. Rhxf3 Bxd4 33. cxd4 Rg4 34. Rf4 Rxf4 35. Rxf4 Re8 36. Kg1 Re2 37. g4 Rxa2 38. Re4 Kg8 39. Re7 Ba4 40. Rxb7 Bd1 41. h3 a5 42. d5 Rd2 43. Kf1 Rd4 44. Ke1 a4 45. Ra7 Bb3 46. Kf2 Rxc4 47. d6 Rd4 48. d7 Kg7 49. Ke3 Rd1 50. h4 h6 51. Kf4 Bc2 52. Rc7 Bb3 53. Ra7 Kf8 54. g5 hxg5+ 55. hxg5 Ke7 56. g6 fxg6 57. d8Q+ Kxd8 58. fxg6 Rd7 59. Ra8+ Kc7 60. g7 Rd8 61. Ra6 Rg8 62. Kf5 Kb7 63. Rxf6 Rxg7 64. Ke5 a3 65. Rf1 a2 66. Kd4 Rc7 67. Rg1 Kb6 68. Rg6+ Kb5 69. Rg5+ Kb4 70. Rg1 Rd7+ 71. Ke3 Rd1 72. Rg4+ Ka3 0-1

[Event "Mittelfranken-chTB2a 0809"]
[Site "Mittelfranken"]
[Date "2008.10.26"]
[Round "2.3"]
[White "Poelsterl, Hans"]
[Black "Albrecht, Thorsten"]
[Result "1-0"]
[WhiteElo "1916"]
[BlackElo "1950"]
[PlyCount "115"]
[EventDate "2008.10.12"]
[EventType "team"]
[EventRounds "9"]
[EventCountry "GER"]
[SourceTitle "EXT 2011"]
[Source "ChessBase"]
[SourceDate "2010.11.26"]
[SourceVersion "1"]
[SourceVersionDate "2010.11.26"]
[SourceQuality "1"]
[WhiteTeam "Erlangen Siemens"]
[BlackTeam "Erlangen SC II"]
[WhiteTeamCountry "GER"]
[BlackTeamCountry "GER"]

1. Nf3 f5 2. g3 Nf6 3. Bg2 g6 4. d3 Bg7 5. 0-0 0-0 6. Nbd2 d6 7. c3 c6 8. e4 Qc7 9. Qb3+ Kh8 10. Ng5 e5 11. Bh3 d5 12. Bg2 h6 13. Ngf3 Be6 14. Nh4 Qf7 15. Nxg6+ Qxg6 16. Qxb7 Nbd7 17. Qxc6 Qf7 18. exd5 Bxd5 19. Bxd5 Qxd5 20. Qxd5 Nxd5 21. Nc4 Kh7 22. f4 exf4 23. Bxf4 Nxf4 24. Rxf4 Ne5 25. Nxe5 Bxe5 26. Rf3 Kg6 27. Re1 Bc7 28. Re6+ Rf6 29. Re7 Bd6 30. Rd7 Re8 31. d4 a5 32. Ra7 Re2 33. Rf2 Re1+ 34. Kg2 f4 35. gxf4 Kh5 36. Rxa5+ Kh4 37. f5 Rf8 38. Ra6 Rg8+ 39. Kf3 Rg5 40. Ra5 Kh3 41. Re2 Rf1+ 42. Ke4 Rg4+ 43. Kd3 Bxh2 44. Ra6 h5 45. Rh6 h4 46. f6 Bf4 47. Rh7 Bg5 48. f7 Rf3+ 49. Kc4 Kg3 50. Re8 Rgf4 51. Rg8 Kg4 52. Rhg7 Rxf7 53. Rxg5+ Kh3 54. b4 Rg3 55. Rxg3+ hxg3 56. a4 g2 57. b5 Rf4 58. Rxg2 1-0

[Event "Mittelfrankenliga-B2a 0708"]
[Site "Mittelfranken"]
[Date "2008.01.27"]
[Round "5.3"]
[White "Poelsterl, Hans"]
[Black "Fuchs, Johann"]
[Result "1-0"]
[WhiteElo "1926"]
[BlackElo "1934"]
[PlyCount "89"]
[EventDate "2007.10.14"]
[EventType "team-tourn"]
[EventRounds "9"]
[EventCountry "GER"]
[SourceTitle "EXT 2011"]
[Source "ChessBase"]
[SourceDate "2010.11.26"]
[SourceVersion "1"]
[SourceVersionDate "2010.11.26"]
[SourceQuality "1"]
[WhiteTeam "Erlangen Siemens"]
[BlackTeam "Nuernberg Sued SW III"]
[WhiteTeamCountry "GER"]
[BlackTeamCountry "GER"]

1. c4 Nf6 2. Nc3 d5 3. e3 g6 4. b3 Bg7 5. Bb2 0-0 6. Nxd5 Nxd5 7. Bxg7 Nxe3 8. fxe3 Kxg7 9. Nf3 c5 10. d4 b6 11. Be2 Bb7 12. d5 Qd6 13. Qd2 Nd7 14. e4 e6 15. Qc3+ f6 16. Ng5 exd5 17. exd5 Kg8 18. Ne6 Rf7 19. 0-0 Ne5 20. Rae1 Bc8 21. Nf4 Bd7 22. Qg3 Bf5 23. Nh5 Qd7 24. Nxf6+ Rxf6 25. Qxe5 Rff8 26. Qc3 Rae8 27. Bd3 Bg4 28. h3 Bxh3 29. Rxe8 Rxe8 30. Bxg6 hxg6 31. Qxh3 Qxh3 32. gxh3 Re2 33. Rf2 Re1+ 34. Kg2 Rd1 35. Kg3 Rd4 36. Rf4 Rd2 37. a4 Rd3+ 38. Rf3 Rd4 39. Kf2 Kg7 40. Ke2 g5 41. Rd3 Kf6 42. Rxd4 cxd4 43. Kd3 Ke5 44. b4 a6 45. a5 1-0

[Event "Mittelfrankenliga-B2a 0607"]
[Site "Mittelfranken"]
[Date "2007.05.06"]
[Round "9.3"]
[White "Lange, Carsten"]
[Black "Poelsterl, Hans"]
[Result "0-1"]
[WhiteElo "1917"]
[BlackElo "1952"]
[PlyCount "110"]
[EventDate "2006.10.22"]
[EventType "team-tourn"]
[EventRounds "9"]
[EventCountry "GER"]
[SourceTitle "EXT 2011"]
[Source "ChessBase"]
[SourceDate "2010.11.26"]
[SourceVersion "1"]
[SourceVersionDate "2010.11.26"]
[SourceQuality "1"]
[WhiteTeam "Erlangen BSGW"]
[BlackTeam "Erlangen Siemens"]
[WhiteTeamCountry "GER"]
[BlackTeamCountry "GER"]

1. Nf3 d6 2. c4 Nf6 3. g3 g6 4. b4 Bg7 5. Bb2 0-0 6. Bg2 Nbd7 7. 0-0 c6 8. d3 Qc7 9. Nc3 e5 10. a4 Re8 11. Nd2 a5 12. b5 Nc5 13. Nb3 Ne6 14. Rc1 Nd4 15. e3 Bg4 16. f3 Nxb3 17. Qxb3 Be6 18. Rfe1 Qd7 19. Ne4 Nh5 20. Ng5 cxb5 21. axb5 Bf5 22. d4 a4 23. Qb4 h6 24. Ne4 a3 25. Ba1 Bf8 26. Qb3 Bxe4 27. fxe4 Qe6 28. Qd3 b6 29. Rc3 Ra4 30. Qf1 Qf6 31. Qd3 Rea8 32. Bh3 Qe7 33. Rec1 Nf6 34. Re1 Nh7 35. Rc2 Ng5 36. Bg4 h5 37. Bd1 Ne6 38. Rf2 R4a7 39. Kg2 Bg7 40. Bb3 Qg5 41. h4 Qe7 42. Ref1 Rf8 43. Bc3 a2 44. Bxa2 Ra3 45. Qd2 exd4 46. Bxd4 Nxd4 47. exd4 Qxe4+ 48. Kh2 Rfa8 49. Bb1 Qg4 50. Qf4 Bxd4 51. Qxg4 hxg4 52. Rxf7 Be5 53. Bxg6 Rxg3 54. h5 Ra2+ 55. R1f2 Rf3+ 0-1

[Event "Mittelfrankenliga-B2a 0607"]
[Site "Mittelfranken"]
[Date "2007.02.11"]
[Round "6.3"]
[White "Poelsterl, Hans"]
[Black "Suess, Helmut"]
[Result "1-0"]
[WhiteElo "1952"]
[BlackElo "1839"]
[PlyCount "105"]
[EventDate "2006.10.22"]
[EventType "team-tourn"]
[EventRounds "9"]
[EventCountry "GER"]
[SourceTitle "EXT 2011"]
[Source "ChessBase"]
[SourceDate "2010.11.26"]
[SourceVersion "1"]
[SourceVersionDate "2010.11.26"]
[SourceQuality "1"]
[WhiteTeam "Erlangen Siemens"]
[BlackTeam "Nuernberg NT IV"]
[WhiteTeamCountry "GER"]
[BlackTeamCountry "GER"]

1. c4 c5 2. Nf3 Nc6 3. Nc3 g6 4. g3 Bg7 5. Bg2 d6 6. 0-0 Bd7 7. d3 Nf6 8. e4 0-0 9. Ne1 Qc8 10. Nc2 Bh3 11. Ne3 Bxg2 12. Kxg2 Qd7 13. Ned5 Nxd5 14. cxd5 Nd4 15. Be3 b5 16. Ne2 Nxe2 17. Qxe2 a5 18. Rac1 b4 19. h4 Qa4 20. b3 Qb5 21. h5 a4 22. hxg6 hxg6 23. Rh1 axb3 24. axb3 Ra3 25. Bh6 Rxb3 26. Bxg7 Kxg7 27. Qe3 f6 28. Qh6+ Kf7 29. Qh7+ Ke8 30. Qxg6+ Kd8 31. d4 c4 32. Qg7 Re8 33. Rh8 c3 34. Rxe8+ Qxe8 35. e5 dxe5 36. dxe5 fxe5 37. Qxe5 Qd7 38. Rh1 Qd6 39. Qd4 Ra3 40. Rh8+ Kc7 41. Qc4+ Kb7 42. Qb5+ Ka7 43. Rc8 Ra1 44. Rc6 Qd8 45. Qc5+ Kb7 46. Qxb4+ Ka7 47. Qc5+ Kb7 48. Re6 Ra6 49. Rxe7+ Kb8 50. Rf7 Qd6 51. Qb5+ Kc8 52. Qb7+ Kd8 53. Rg7 1-0

[Event "Mittelfrankenliga-B2a 0607"]
[Site "Mittelfranken"]
[Date "2007.01.28"]
[Round "5.4"]
[White "Poelsterl, Hans"]
[Black "Giering, Goetz"]
[Result "1-0"]
[WhiteElo "1952"]
[BlackElo "1698"]
[PlyCount "35"]
[EventDate "2006.10.22"]
[EventType "team-tourn"]
[EventRounds "9"]
[EventCountry "GER"]
[SourceTitle "EXT 2011"]
[Source "ChessBase"]
[SourceDate "2010.11.26"]
[SourceVersion "1"]
[SourceVersionDate "2010.11.26"]
[SourceQuality "1"]
[WhiteTeam "Erlangen Siemens"]
[BlackTeam "Lauf II"]
[WhiteTeamCountry "GER"]
[BlackTeamCountry "GER"]

1. c4 Nf6 2. Nc3 d5 3. cxd5 Nxd5 4. Nf3 Nc6 5. g3 e6 6. Bg2 Nxc3 7. bxc3 Bd6 8. d4 h6 9. e4 e5 10. 0-0 Qf6 11. d5 Ne7 12. Qb3 b6 13. Be3 Bg4 14. Nd2 Nc8 15. f4 Qe7 16. Rae1 exf4 17. gxf4 0-0 18. e5 1-0

[Event "Mittelfrankenliga-B2a 0607"]
[Site "Mittelfranken"]
[Date "2006.11.12"]
[Round "2.3"]
[White "Goess, Hans"]
[Black "Poelsterl, Hans"]
[Result "1/2-1/2"]
[WhiteElo "1795"]
[BlackElo "1952"]
[PlyCount "169"]
[EventDate "2006.10.22"]
[EventType "team-tourn"]
[EventRounds "9"]
[EventCountry "GER"]
[SourceTitle "EXT 2011"]
[Source "ChessBase"]
[SourceDate "2010.11.26"]
[SourceVersion "1"]
[SourceVersionDate "2010.11.26"]
[SourceQuality "1"]
[WhiteTeam "Neustadt"]
[BlackTeam "Erlangen Siemens"]
[WhiteTeamCountry "GER"]
[BlackTeamCountry "GER"]

1. d4 Nf6 2. c4 d6 3. e3 g6 4. Nf3 Bg7 5. Be2 0-0 6. 0-0 Nbd7 7. b3 c6 8. Bb2 Qc7 9. Nc3 Re8 10. e4 e5 11. d5 Nc5 12. Qc2 a5 13. a3 Qb6 14. Bd1 Bg4 15. Na4 Nxa4 16. bxa4 cxd5 17. exd5 Rac8 18. Qb3 Qxb3 19. Bxb3 Bxf3 20. gxf3 Nd7 21. Bc3 e4 22. Bxg7 Kxg7 23. f4 f5 24. Rab1 Re7 25. Ba2 b6 26. Rfe1 Rce8 27. Re3 Kf6 28. h4 h6 29. Rbe1 g5 30. hxg5+ hxg5 31. fxg5+ Kxg5 32. f3 Ne5 33. fxe4 fxe4 34. Kg2 Nf3 35. R1e2 Kf4 36. Bb1 Nh4+ 37. Kf2 Nf5 38. Rh3 e3+ 39. Ke1 Rg8 40. Rh1 Ng3 41. Rg2 Kf3 42. Rhg1 Reg7 43. Bd3 Kf4 44. Rh2 Ke5 45. Be2 Kd4 46. Rh4+ Kc3 47. Rh6 Rg6 48. Rh7 Ne4 49. Rxg6 Rxg6 50. Bf3 Nd2 51. Ke2 Nxc4 52. Rc7 Rh6 53. Rg7 Rh2+ 54. Bg2 Rh4 55. Bf1 Rd4 56. Rg3 Rxd5 57. Ke1 Re5 58. Bxc4 Kxc4 59. Ke2 d5 60. Rg6 d4 61. Rc6+ Kb3 62. Rxb6+ Kxa4 63. Rd6 Re4 64. Rd5 Kxa3 65. Rxa5+ Kb4 66. Ra8 Re5 67. Rd8 Kc4 68. Rc8+ Rc5 69. Rd8 Kc3 70. Rd7 Rc4 71. Rd8 Kc2 72. Rd7 Kc1 73. Rd8 Rc2+ 74. Ke1 Rd2 75. Rc8+ Kb2 76. Rb8+ Kc3 77. Ra8 d3 78. Rc8+ Kb2 79. Re8 Re2+ 80. Kd1 Kc3 81. Rc8+ Kb4 82. Rb8+ Kc5 83. Rc8+ Kb6 84. Rd8 Kc7 85. Rxd3 1/2-1/2